Možnosti riadenia rizík právnických osôb bakalárska práca

Gespeichert in:
Bibliographische Detailangaben
1. Verfasser: Bokšanská, Zuzana
Körperschaft: Národohospodárska fakulta EU. Katedra poisťovníctva
Weitere Verfasser: Ondruška, Tomáš, 1988-
Format: Buch
Sprache:Slowakisch
Veröffentlicht: Bratislava 2024
Tags: Tag hinzufügen
Keine Tags, Fügen Sie das erste Tag hinzu!

MARC

LEADER 00000nbm a2200000 4500
001 0304040
005 20240924131456.3
041 0 |a slo 
044 |a SK 
245 1 0 |a Možnosti riadenia rizík právnických osôb  |b bakalárska práca  |c Zuzana Bokšanská ; školiteľ: Tomáš Ondruška 
264 1 |a Bratislava  |c 2024 
300 |a 51 s. 
100 1 |a Bokšanská, Zuzana 
700 1 |a Ondruška, Tomáš, 1988- 
710 2 |a Národohospodárska fakulta EU. Katedra poisťovníctva